Library Banner

ہاری رپورٹ کل اور آج (Record no. 68436)

MARC details
000 -LEADER
fixed length control field 00416nam a22001457a 4500
005 - DATE AND TIME OF LATEST TRANSACTION
control field 20150330120735.0
008 - FIXED-LENGTH DATA ELEMENTS--GENERAL INFORMATION
fixed length control field 150330b xxu||||| |||| 00| 0 eng d
040 ## - CATALOGING SOURCE
Transcribing agency PK-LaUMT
082 ## - DEWEY DECIMAL CLASSIFICATION NUMBER
Classification number KHC 306.365
Item number MAS-H
100 ## - MAIN ENTRY--PERSONAL NAME
Personal name مسعود کھدر پوش
245 ## - TITLE STATEMENT
Title ہاری رپورٹ کل اور آج
Statement of responsibility, etc مسعود کھدر پوش
260 ## - PUBLICATION, DISTRIBUTION, ETC. (IMPRINT)
Place of publication, distribution, etc لاہور
Name of publisher, distributor, etc جنگ پبلشرز
Date of publication, distribution, etc 1990
300 ## - PHYSICAL DESCRIPTION
Extent 94 ص
942 ## - ADDED ENTRY ELEMENTS (KOHA)
Koha item type Books
Holdings
Withdrawn status Lost status Damaged status Home library Current library Date acquired Full call number Barcode Date last seen Price effective from Koha item type
      UMT Main Campus UMT Main Campus 2015-03-30 KHC 306.365 MAS-H 74505 2015-03-30 2015-03-30 Books